The Vampire Diaries quiz Stats

 Plays Quiz not verified by Sporcle

Challenge
Share
Tweet
Embed
Score 0/12 Timer 05:00
0 Plays Today
Hint Answer % Correct
Elena Gilbert Nina Dobrev
98%
Stefan Salvatore Paul Wesley
93.3%
Damon Salvatore Ian Somerhalder
86%
Bonnie Bennett Kat Graham
82%
Caroline ForbesCandice Accola
76.7%
Niklaus MikaelsonJoseph Morgan
70.7%
Jeremy GilbertSteven McQueen
62.7%
Matt Donovan Zach Roerig
58%
Alaric SaltzmanMatthew Davis
56%
Kai ParkerChris Wood
44.7%
EnzoMichael Malarkey
38%
LiamMarco James
16.7%

You're not logged in!

Compare scores with friends on all Sporcle quizzes.
Join for Free
OR
Log In

You Might Also Like...

Show Comments

Extras

Created Mar 24, 2015ReportNominate
Tags:diary, The Vampire, vampire

Top Quizzes Today


Score Distribution

Your Account Isn't Verified!

In order to create a playlist on Sporcle, you need to verify the email address you used during registration. Go to your Sporcle Settings to finish the process.

Report this User

Report this user for behavior that violates our Community Guidelines.

Details: